The Flintstones Characters - Statistics

General Stats
  • This quiz has been taken 132 times
  • The average score is 7 of 9
Answer Stats
Character % Correct
Father Fred
98%
Father Barney
94%
Mother Wilma
91%
Pet Dinosaur Dino
89%
Adoptive Son Bamm-Bamm
84%
Mother Betty
83%
Daughter Pebbles
82%
Pet Hopparoo Hoppy
41%
Pet Saber-Toothed Cat Baby Puss
23%
No matching quizzes found
Score Distribution
Percent of People with Each Score
Percentile by Number Answered
Your Score History
You have not taken this quiz